00844naa#a2200169#i#4500001002300000005001700023011001400040100004100054102000700095200023700102210016900339215001100508608004500519675006700564700002800631856001500659RU\INFRA-M\bibl\12273520260517033118.7##a2587-9103##a20260430b2026####ek#y0rusy0150####ca##aRU1#aМультимедийные проекты музеев как инструмент развития корпоративной идентичности российских организацийeЖурнальная статья1#aМоскваcОбщество с ограниченной ответственностью «Научно-издательский центр ИНФРА-М»d2026##a10 с.##aЖурнальная статья2local##aЛингвистика. Языкознание. Языки. 81#1aПряхинаgА. В.4#anaukaru.ru